| 000 | 00352cam a2200133ua 4500 | ||
|---|---|---|---|
| 020 | _a9788131808153 | ||
| 082 |
_a532 _bBAN/TE |
||
| 100 |
_aBansal, R K . _979 |
||
| 245 | _aA Text book of Fluid Mechanics and Hydraulic Machines / | ||
| 250 | _a4 / 9th rev | ||
| 260 |
_aNew Delhi : _bLaxmi Publications (P) Ltd, _c2013 |
||
| 300 | _a1102. | ||
| 942 | _cBK | ||
| 999 |
_c7250 _d7250 |
||